000 00484nam a2200145Ia 4500
999 _c21039
_d21039
082 _aTP.0014
100 _aPaul, Sarla
245 0 _aStudy of cognitive styles of high school students of home science in relation to age achievement, home environment and social class
260 _c1985
_bAgra University
300 _a205p. + C D - 47
650 _aHIGH SCHOOL STUDENTS - PSYCHOLOGY
650 _aHOME ECONOMICS STUDENTS - PSYCHOLOGY
710 _aDinesh Chandra
942 _cTH
_2ddc